<?xml version="1.0" encoding="UTF-8"?>
<record
    xmlns:xsi="http://www.w3.org/2001/XMLSchema-instance"
    xsi:schemaLocation="http://www.loc.gov/MARC21/slim http://www.loc.gov/standards/marcxml/schema/MARC21slim.xsd"
    xmlns="http://www.loc.gov/MARC21/slim">

  <leader>01832nas a2200409 i 4500</leader>
  <controlfield tag="001">785</controlfield>
  <controlfield tag="003">ES-MaACL</controlfield>
  <controlfield tag="005">20250804230319.0</controlfield>
  <controlfield tag="008">950801c1948    sp mr p       0  1 |spa d</controlfield>
  <datafield tag="022" ind1=" " ind2=" ">
    <subfield code="a">0011-250X</subfield>
  </datafield>
  <datafield tag="080" ind1=" " ind2=" ">
    <subfield code="a">008(460)</subfield>
  </datafield>
  <datafield tag="080" ind1=" " ind2=" ">
    <subfield code="a">008(8=134.2)</subfield>
  </datafield>
  <datafield tag="245" ind1="0" ind2="0">
    <subfield code="a">Cuadernos hispanoamericanos / </subfield>
    <subfield code="c">[dir., Pedro La&#xED;n Entralgo].</subfield>
  </datafield>
  <datafield tag="260" ind1=" " ind2=" ">
    <subfield code="a">Madrid : </subfield>
    <subfield code="b">Seminario de Problemas Hispanoamericanos, </subfield>
    <subfield code="c">1948- (</subfield>
    <subfield code="f">Ind. Gr&#xE1;f. Espa&#xF1;a)</subfield>
  </datafield>
  <datafield tag="300" ind1=" " ind2=" ">
    <subfield code="a">212 v. : </subfield>
    <subfield code="b">il. ; </subfield>
    <subfield code="c">25 cm.</subfield>
  </datafield>
  <datafield tag="310" ind1=" " ind2=" ">
    <subfield code="a">Mensual, </subfield>
    <subfield code="b">1952</subfield>
  </datafield>
  <datafield tag="321" ind1=" " ind2=" ">
    <subfield code="a">Bimestral, </subfield>
    <subfield code="b">1948-51</subfield>
  </datafield>
  <datafield tag="362" ind1="0" ind2=" ">
    <subfield code="a">1 (en.-feb. 1948)-n. 828 (jun. 2019)-</subfield>
  </datafield>
  <datafield tag="362" ind1="0" ind2=" ">
    <subfield code="a">Desde n. 17 (2008): nueva etapa, editada por AECID.</subfield>
  </datafield>
  <datafield tag="530" ind1=" " ind2=" ">
    <subfield code="a">Disponible en formato digital.</subfield>
  </datafield>
  <datafield tag="555" ind1="8" ind2=" ">
    <subfield code="a">&#xCD;ndices 1948-1997 (n. 1-570) en CD-ROM.</subfield>
  </datafield>
  <datafield tag="650" ind1=" " ind2="7">
    <subfield code="a">Cultura</subfield>
    <subfield code="2">embne</subfield>
    <subfield code="9">170963</subfield>
  </datafield>
  <datafield tag="651" ind1=" " ind2="4">
    <subfield code="a">Espa&#xF1;a-</subfield>
    <subfield code="x">Civilizaci&#xF3;n.</subfield>
    <subfield code="9">8163</subfield>
  </datafield>
  <datafield tag="651" ind1=" " ind2="4">
    <subfield code="a">Am&#xE9;rica Latina-</subfield>
    <subfield code="x">Civilizaci&#xF3;n</subfield>
    <subfield code="9">7742</subfield>
  </datafield>
  <datafield tag="700" ind1="1" ind2=" ">
    <subfield code="a">La&#xED;n Entralgo, Pedro,</subfield>
    <subfield code="d">1908-2001</subfield>
    <subfield code="9">69681</subfield>
  </datafield>
  <datafield tag="700" ind1="1" ind2=" ">
    <subfield code="a">Rosales, Luis,</subfield>
    <subfield code="d">1910-1992</subfield>
    <subfield code="9">99644</subfield>
  </datafield>
  <datafield tag="710" ind1="2" ind2=" ">
    <subfield code="a">Seminario de Problemas Hispanoamericanos.</subfield>
    <subfield code="9">6559</subfield>
  </datafield>
  <datafield tag="710" ind1="2" ind2=" ">
    <subfield code="a">Agencia Espa&#xF1;ola de Cooperaci&#xF3;n Internacional para el Desarrollo</subfield>
    <subfield code="9">152192</subfield>
  </datafield>
  <datafield tag="770" ind1="0" ind2=" ">
    <subfield code="t">Cuadernos hispanoamericanos. Los complementarios</subfield>
    <subfield code="w">692</subfield>
  </datafield>
  <datafield tag="852" ind1="4" ind2=" ">
    <subfield code="a">ES-MaACL </subfield>
    <subfield code="j">Hem-1782</subfield>
  </datafield>
  <datafield tag="852" ind1="4" ind2=" ">
    <subfield code="a">ES-MaACL </subfield>
    <subfield code="j">ROT 2/4/14           </subfield>
    <subfield code="z">CD-ROM</subfield>
  </datafield>
  <datafield tag="856" ind1="4" ind2=" ">
    <subfield code="3">(1948-2016)</subfield>
    <subfield code="u">https://bibliotecadigital.aecid.es/bibliodig/es/consulta/registro.do?id=230</subfield>
    <subfield code="z">Biblioteca Digital AECID </subfield>
  </datafield>
  <datafield tag="856" ind1="4" ind2=" ">
    <subfield code="u">https://dialnet.unirioja.es/servlet/revista?codigo=387&amp;utm_source=catalogo.bne.es&amp;utm_medium=revista&amp;utm_campaign=Dialnet_Widgets</subfield>
    <subfield code="z">Sumarios de la revista en Dialnet</subfield>
  </datafield>
  <datafield tag="866" ind1=" " ind2="0">
    <subfield code="o">1948-1955(1956)(1958f.en.yabril)1959-1960(1961f.mayo y dic.),1963-1975(1976 f. oct.-dic. 1975-en.1976)1977-2012</subfield>
  </datafield>
  <datafield tag="942" ind1=" " ind2=" ">
    <subfield code="2">udc</subfield>
  </datafield>
  <datafield tag="999" ind1=" " ind2=" ">
    <subfield code="c">785</subfield>
    <subfield code="d">785</subfield>
  </datafield>
  <datafield tag="952" ind1=" " ind2=" ">
    <subfield code="0">0</subfield>
    <subfield code="1">0</subfield>
    <subfield code="2">udc</subfield>
    <subfield code="4">0</subfield>
    <subfield code="7">0</subfield>
    <subfield code="8">Hemeroteca</subfield>
    <subfield code="a">ATENEOM</subfield>
    <subfield code="b">ATENEOM</subfield>
    <subfield code="c">ROT</subfield>
    <subfield code="d">2010-04-26</subfield>
    <subfield code="l">0</subfield>
    <subfield code="o">ROT 2/4/14</subfield>
    <subfield code="p">1183132</subfield>
    <subfield code="r">2023-02-23 00:00:00</subfield>
    <subfield code="w">2023-02-23</subfield>
    <subfield code="y">CDROM</subfield>
  </datafield>
  <datafield tag="952" ind1=" " ind2=" ">
    <subfield code="0">0</subfield>
    <subfield code="1">0</subfield>
    <subfield code="2">udc</subfield>
    <subfield code="4">0</subfield>
    <subfield code="7">0</subfield>
    <subfield code="8">Hemeroteca</subfield>
    <subfield code="a">ATENEOM</subfield>
    <subfield code="b">ATENEOM</subfield>
    <subfield code="c">HEM</subfield>
    <subfield code="d">2008-01-17</subfield>
    <subfield code="l">0</subfield>
    <subfield code="o">Hem-1782</subfield>
    <subfield code="p">1000799</subfield>
    <subfield code="r">2023-02-23 00:00:00</subfield>
    <subfield code="w">2023-02-23</subfield>
    <subfield code="y">PERIODICA</subfield>
  </datafield>
</record>
